Science Quiz

Random Science or Blitz Quiz

Multiples of 7 Blitz Quiz Stats

 Plays Quiz Updated Mar 17, 2020

Support Sporcle.
Go Orange.
Score 0/18 Timer 00:30
1 Play Today
% Correct
7
92.7%
14
86.8%
21
86.6%
77
84.1%
70
81.4%
42
80%
49
79.9%
28
78.2%
35
77.3%
% Correct
56
69.5%
63
68.6%
84
59%
91
46.3%
98
41.4%
105
37%
112
32.2%
119
28.4%
126
25.4%

From the Vault

Baby Names: Royal Baby Names

by Hejman

This quiz definitely needs more Pippa.
Remove Ads.
Support Sporcle.
Get the best of Sporcle when you Go Orange. This ad-free experience offers more features, more stats, and more fun while also helping to support Sporcle. Thank you for becoming a member.

Show Comments

Extras

Top Quizzes Today


Score Distribution

Your Account Isn't Verified!

In order to create a playlist on Sporcle, you need to verify the email address you used during registration. Go to your Sporcle Settings to finish the process.

Report this User

Report this user for behavior that violates our Community Guidelines.

Details: